Transformaciones de la sociedad y las organizaciones en tiempos de pandemia : estrategias, casos y recomendaciones = Societal and organizational transformations in times of pandemic : strategies, cases, and recommendations /

Detalles Bibliográficos
Otros Autores: Liloy Valencia, Juliana (Editor), Sánchez Vargas, Margarita Rosa (Editor), Angulo Pico, Grace Margarita (Editor)
Formato: Electrónico eBook
Lenguaje:español
Publicado: Bogotá : Editorial Uniagustiniana, [2022]
Edición:Primera edición.
Colección:Colección Ciencias económicas y administrativas (Editorial Uniagustiniana)
Materias:
Acceso en línea:Digitalia Hispánica

MARC

LEADER 00000nam a2200000Ii 4500
001 DIGUAGANA0026
003 NyNyDIG
006 m o d
007 cr |||||||||||
008 250303s2022 ck a ob 000 0 spa d
035 |a (OCoLC)1475658108 
040 |a DGITA  |b eng  |e rda  |e pn  |c DGITA 
020 |a 9789585498884  |q (digital) 
020 |z 9789585498877  |q (impreso) 
041 0 |a spa  |b spa  |b eng 
050 1 4 |a RA644.C67 ebook 
245 0 0 |a Transformaciones de la sociedad y las organizaciones en tiempos de pandemia :  |b estrategias, casos y recomendaciones = Societal and organizational transformations in times of pandemic : strategies, cases, and recommendations /  |c Juliana Liloy Valencia, Margarita Rosa Sánchez Vargas, Grace Margarita Angulo Pico, compiladoras. 
246 1 |i English title on cover:  |a Societal and organizational transformations in times of pandemic :  |b strategies, cases, and recommendations 
250 |a Primera edición. 
264 1 |a Bogotá :  |b Editorial Uniagustiniana,  |c [2022] 
300 |a 1 online resource :  |b illustrations. 
336 |a text  |b txt  |2 rdacontent 
337 |a computer  |b c  |2 rdamedia 
338 |a online resource  |b cr  |2 rdacarrier 
347 |a text file  |2 rdaft 
347 |b PDF 
490 1 |a Colección Ciencias económicas y administrativas 
504 |a Includes bibliographical references. 
546 |a Text in Spanish with abstract in Spanish and English in each chapter. 
588 0 |a Online resource; title from PDF title page (Digitalia, viewed March 3, 2025) 
650 0 |a COVID-19 (Disease)  |x Social aspects. 
650 0 |a Industries  |x Social aspects. 
700 1 |a Liloy Valencia, Juliana,  |e editor. 
700 1 |a Sánchez Vargas, Margarita Rosa,  |e editor. 
700 1 |a Angulo Pico, Grace Margarita,  |e editor. 
776 0 8 |i Print version:  |t Transformaciones de la sociedad y las organizaciones en tiempos de pandemia.  |b Primera edición.  |d Bogotá : Editorial Uniagustiniana, [2022]  |z 9789585498877 
791 2 |a Digitalia (Firm),  |e distributor. 
793 0 |g Digitalia eBook Collection:  |a Editorial Uniagustiniana 
830 0 |a Colección Ciencias económicas y administrativas (Editorial Uniagustiniana) 
856 4 0 |3 Digitalia Hispánica  |u https://www.digitaliapublishing.com/a/162825/ 
910 |a Premium collection: 2025